00429cam a2200169ua 4500001000400000008003900004020001900043040000900062082001400071245004400085250000900129260003000138300002200168653002300190653002900213700001700242346110330n ii |||gr||||Z||||||eng a978-203-3875-3 cMAIN a327.0904111aInternational relations.cBy Peu Ghosh. a1st. aNew Delhi.:bPhi.,c2009. axiv, 389 p.:6 cm. aPolitical science. aInternational relations.1 aGhosh, Peu.,